Statistics for All Metro Systems of the World

Click here to take the quiz!

General Stats

  • This quiz has been taken 27 times
  • The average score is 109 of 201

Answer Stats

ContinentDecade OpenedName of SystemCity% Correct
EU1860s______ UndergroundLondon
96%
EUDocklands Light RailwayLondon
96%
EU1890s________ MetroBudapest
91%
_____ MetroDelhi
91%
EU1960s_____ MetroMilan
91%
NA1900sPATHNew York City
91%
NA1920sStaten Island RailwayNew York City
91%
NA1860s___ ____ ____ SubwayNew York City
91%
EU1900sMétro de _____Paris
91%
EU1950s____ MetroRome
91%
EU1970s_________ MetroAmsterdam
87%
EU1900s______ U-BahnBerlin
87%
NA1890s_______ "L"Chicago
87%
AS1970sMass Transit RailwayHong Kong
87%
EU________ MetroIstanbul
87%
EU1910s______ MetroMadrid
87%
______ MetroMumbai
87%
EU_____ MetroNaples
87%
OC______ MetroSydney
87%
NA1950s_______ SubwayToronto
87%
EU_____ MetroTurin
87%
NASkyTrainVancouver
87%
NA1970s__________ MetroWashington, D. C.
87%
EU1900s______ MetroAthens
83%
EU1920s_________ MetroBarcelona
83%
AS1970s_______ SubwayBeijing
83%
EU1970s________ MetroBrussels
83%
EU1910s_______ U-BahnHamburg
83%
NAMetro RailLos Angeles
83%
EU1970s______ U-BahnMunich
83%
AS1930s_____ MetroOsaka
83%
SA1970s___ _____ MetroSão Paulo
83%
Shinbundang LineSeoul
83%
ASKorailSeoul
83%
AS1970s_____ Metropolitan SubwaySeoul
83%
AS________ MetroShanghai
83%
Rinkai LineTokyo
83%
AS1960sToei SubwayTokyo
83%
AS1920s_____ MetroTokyo
83%
BTS SkytrainBangkok
78%
Metropolitan Rapid TransitBangkok
78%
NA1890sMBTA SubwayBoston
78%
SA1910s______ _____ UndergroundBuenos Aires
78%
_____ MetroDubai
78%
EU1980s________ MetroHelsinki
78%
EU1950s______ MetroLisbon
78%
NA1960s______ ____ MetroMexico City
78%
NA1960s________ MetroMontreal
78%
EU1930s______ MetroMoscow
78%
EU1960s____ MetroOslo
78%
SA1970s___ __ _______ MetroRio de Janeiro
78%
EU1960s_________ MetroRotterdam
78%
EU1950s_____ _________ MetroSaint Petersburg
78%
NA1970sBARTSan Francisco/Oakland
78%
EU1950s_________ MetroStockholm
78%
2000s______ MetroTehran
78%
EU1970s______ U-BahnVienna
78%
EU______ MetroWarsaw
78%
AS____ MetroXi'an
78%
______ MetroAnkara
74%
AF_____ MetroCairo
74%
_______ MetroChengdu
74%
EU__________ MetroCopenhagen
74%
EU1960s____ MetroKyiv
74%
EU1970s____ MetroLyon
74%
______ Metro Rail Transit SystemManila
74%
AS1980s______ Light Rail Transit SystemManila
74%
NA1980sMetrorailMiami
74%
NA1930sPATCO SpeedlinePhiladelphia
74%
NA1900sSEPTAPhiladelphia
74%
AS1970s_______ Municipal SubwaySapporo
74%
AS________ MetroShenzhen
74%
_____ MetroWuhan
74%
EU1970s_________ MetroBucharest
70%
EU1890s_______ SubwayGlasgow
70%
_________ MetroGuangzhou
70%
AS1980s_______ MetroKolkata
70%
EU1970s______ MetroPrague
70%
EU_____ MetroSofia
70%
AS_____ MetroBusan
65%
_________ Rail TransitChongqing
65%
NATren Eléctrico UrbanoGuadalajara
65%
_____ MetroHanoi
65%
_______ MRTJakarta
65%
AS1990sRapid KLKuala Lumpur
65%
EU1970s_________ MetroMarseille
65%
NAMetrorreyMonterrey
65%
AS1950s______ Municipal SubwayNagoya
65%
AS_______ MetroNanjing
65%
AS1970s_________ MetroPyongyang
65%
ASMass Rapid TransitSingapore
65%
AS______ MetroTaipei
65%
AF_______ MetroAlgiers
61%
NA1980s_________ Metro Subway LinkBaltimore
61%
Namma MetroBangalore
61%
_______ MetroChennai
61%
1990s_____ MetroGenoa
61%
Astram LineHiroshima
61%
SA____ MetroLima
61%
_____ Light Rapid TransitMacau
61%
EU1980s____ MetroMinsk
61%
AS1980s_______ MetroTianjin
61%
NA1970sMARTAAtlanta
57%
SA________ MetroBrasílía
57%
NA1950sRTA Rapid TransitCleveland
57%
EU1970s_______ MetroKharkiv
57%
______ MetroXiamen
57%
AS1980s_______ City SubwayFukuoka
52%
AS______ MetroHarbin
52%
2020s______ MetroLahore
52%
EU1980s_____ MetroLille
52%
SA________ MetroMedellín
52%
SA1970s________ MetroSantiago
52%
________ MetroToulouse
52%
AS1960s____ MetroBaku
48%
SA1980s_______ MetroCaracas
48%
AS________ MetroChangsha
48%
______ MetroDalian
48%
____ MetroDoha
48%
_________ MetroHyderabad
48%
_______ MetroQingdao
48%
AS________ MetroHangzhou
43%
_____ MetroHefei
43%
EU_____ MetroKazan
43%
AS1980s_____ Municipal SubwayKyoto
43%
EU1970s_________ U-BahnNuremberg
43%
____ MetroPune
43%
SA________ MetroSalvador
43%
EU_____________ MetroYekaterinburg
43%
_________-Gandhinagar Metro LinkAhmedabad
39%
SA____ ________ MetroBelo Horizonte
39%
Metro ______Bilbao
39%
______ MetroFuzhou
39%
AS_______ SubwayIncheon
39%
______ MetroJaipur
39%
EU______ ________ MetroNizhny Novgorod
39%
AS___________ MetroNovosibirsk
39%
NA______ MetroPanama City
39%
______ MetroRecife
39%
NA_____ _______ MetroSanto Domingo
39%
______ MetroÜrümqi
39%
_____ Metroİzmir
35%
_______ MetroNanning
35%
NATren UrbanoSan Juan
35%
________ MetroShenyang
35%
AS1960s_______ MetroTbilisi
35%
AS1980s_______ MetroYerevan
35%
AS______ MetroAlmaty
30%
_____ MetroDaegu
30%
________ Rail TransitDongguan
30%
_____ MetroJinan
30%
AS1970s____ Municipal SubwayKobe
30%
_______ MetroKunming
30%
SA_____ ______ MetroPorto Alegre
30%
EU______ MetroSamara
30%
AS______ SubwaySendai
30%
AS1970s________ MetroTashkent
30%
AS____ MetroWuxi
30%
_________ MetroZhengzhou
30%
EU______ MetroDnipro
26%
SA_________ MetroFortaleza
26%
_______ MetroLucknow
26%
______ Rail TransitNingbo
26%
______ Rail TransitSuzhou
26%
AS1970s________ Municipal SubwayYokohama
26%
Minatomirai LineYokohama
26%
_______ MetroCatania
22%
AS_________ Rail TransitChangchun
22%
_______ MetroGuiyang
22%
______ MetroHohhot
22%
_______ SubwayLuoyang
22%
________ MetroNanchang
22%
AS_____ MetroAdana
17%
EU_______ MetroBrescia
17%
AS2010s______ MetroFoshan
17%
_______ Urban RailwayIsfahan
17%
______ MetroKanpur
17%
EU________ MétroLausanne
17%
______ Metro RailNagpur
17%
EU______ MetroRennes
17%
____________ MetroShijiazhuang
17%
______ MetroShiraz
17%
_______ MetroTaiyuan
17%
______ MetroXuzhou
17%
AS_____rayBursa
13%
_________ MetroChangzhou
13%
_______ MetroGwangju
13%
_________ Rapid TransitKaohsiung
13%
_____ MetroKochi
13%
AS_______ MetroLanzhou
13%
_______ Urban RailwayMashhad
13%
_____ MetroNoida
13%
______ MetroTabriz
13%
_______ Rail TransitWenzhou
13%
Rapid Metro GurgaonGugugram
9%
________ MetroTaichung
9%
_______ MetroTaoyuan
9%
________ MetroShaoxing
4%
____ Rail TransitWuhu
4%
AS_______ MetroDaejong
0%
______ MetroJinhua
0%

Score Distribution

Percentile by Number Answered

Percent of People with Each Score

Your Score History

You have not taken this quiz